London Bouroughs Quiz! - Statistics

General Stats
  • This quiz has been taken 38 times
  • The average score is 11 of 32
Answer Stats
Hint Answer % Correct
Wimbledon is in this Bourough. Merton
72%
The Bourough Name Starts With Ba Barking and Dagenham
64%
The Bourough Name Starts with Ke Kensington and Chelsea
64%
Bank station is in this Bourough City
56%
Harringay is in this Bourough Harringey
56%
The Bourough Name Starts with We Westminster
56%
Orpington is in this Bourough. Bromley
48%
Harrow Weald is in this Bourough Harrow
48%
Walthamstow is in this Bourough. Waltham Forest
48%
Stratford is in this Bourough. Newham
44%
Erith is in this Bourough. Bexley
40%
Wembley is in this Bourough. Brent
40%
Purley is in this Bourough. Croydon
40%
Woolwich is in this Bourough. Grenwich
36%
Carsharlton is in this Bourough. Sutton
36%
Canary Wharf is in this Bourough. Tower Hamlets
32%
Hampstead is in this Bourough. Camden
28%
Catford is in this Bourough. Lewisham
28%
Battersea is in this Bourough. Wandsworth
28%
Acton is in this Bourough. Ealing
24%
Cockfosters is in this Bourough Enfield
24%
Ilford is in this Bourough Redbridge
24%
The Bourough Name Starts with Ha Hackney
20%
Romford is in this Bourough. Havering
20%
King's Cross station is in this Bourough. Islington
20%
Streatham is in this Bourough Lambeth
20%
Hampton Court is in this Bourough. Richmond Upon Thames
20%
Uxbridge is in this Bourough. Hillingdon
16%
Brentford is in this Bourough. Hounslow
16%
Malden is in this Bourough. Kingston Upon Thames
12%
Crystal Palace is in this Bourough. Southwark
12%
The Bourugh Name Starts With Ha Hammersmith and Fulham
4%
No matching quizzes found
Score Distribution
Percent of People with Each Score
Percentile by Number Answered
Your Score History
You have not taken this quiz